Statistics for Phineas and Ferb Franchise

Click here to take the quiz!

General Stats

  • This quiz has been taken 15 times
  • The average score is 3 of 9

Answer Stats

Type Year Name Info % Correct
TV Show2007-2015Phineas and FerbDisney Channel / Disney XD
100%
TV Show2016-PresentMilo Murphy's LawDisney XD / Disney Channel
44%
TV Film2020Phineas and Ferb the Movie: Candace Against the UniverseDisney+
33%
TV Show2010-2011Take Two with Phineas and FerbDisney Channel
22%
Video Game2011Phineas and Ferb: Across the 2nd DimensionDisney Interactive / Sony
22%
TV Film2011Phineas and Ferb the Movie: Across the 2nd DimensionDisney Channel
22%
Video Game2010Phineas and Ferb: Ride AgainDisney Interactive
0%
Video Game2013Phineas and Ferb: Quest for Cool StuffMajesco Entertainment / 505 Games
0%

Score Distribution

Percentile by Number Answered

Percent of People with Each Score

Your Score History

You have not taken this quiz